tutorial Computer Architecture / (Record no. 176297)

000 -LEADER
fixed length control field 00689 a2200181 4500
003 - CONTROL NUMBER IDENTIFIER
control field NUST
005 - DATE AND TIME OF LATEST TRANSACTION
control field 20230526181114.0
020 ## - INTERNATIONAL STANDARD BOOK NUMBER
International Standard Book Number 0818607042
040 ## - CATALOGING SOURCE
Transcribing agency Nust
082 ## - DEWEY DECIMAL CLASSIFICATION NUMBER
Classification number 004.22,GAJ
100 ## - MAIN ENTRY--PERSONAL NAME
Personal name Gajski,D.D
9 (RLIN) 112720
245 ## - TITLE STATEMENT
Title tutorial Computer Architecture /
Statement of responsibility, etc. D.D Gajski, VM Milutinovic , H.J Siegel and B.P Fyrht
260 ## - PUBLICATION, DISTRIBUTION, ETC.
Place of publication, distribution, etc. NY
Name of publisher, distributor, etc. IEEE
300 ## - PHYSICAL DESCRIPTION
Extent ix,593 p.;
505 ## - FORMATTED CONTENTS NOTE
Formatted contents note Part I : Concepts (Page-3), Part II : Systems (Page-175), Part III: VISI And WSI Architecture (Page-259), Local Area Networks and Related Issues (Page-507), Artificial Intelligence Oriented Architectures (Page-553).
650 ## - SUBJECT ADDED ENTRY--TOPICAL TERM
Topical term or geographic name entry element Computer Architechitecture
9 (RLIN) 112721
942 ## - ADDED ENTRY ELEMENTS (KOHA)
Source of classification or shelving scheme
Koha item type Book
Call number prefix 004.22,GAJ
Holdings
Withdrawn status Lost status Source of classification or shelving scheme Damaged status Not for loan Permanent Location Current Location Shelving location Date acquired Full call number Barcode Date last seen Price effective from Koha item type Public note
          Military College of Signals (MCS) Military College of Signals (MCS) General Stacks 12/12/2016 004.22,GAJ MCS471 12/08/2016 12/12/2016 Book Almirah No.79, Shelf No.4
          Military College of Signals (MCS) Military College of Signals (MCS) General Stacks 05/26/2023 004.22,GAJ MCS473 05/26/2023 05/26/2023 Book Almirah No.79, Shelf No.4
          Military College of Signals (MCS) Military College of Signals (MCS) General Stacks 05/26/2023 004.22,GAJ MCS472 05/26/2023 05/26/2023 Book Almirah No.79, Shelf No.4
© 2023 Central Library, National University of Sciences and Technology. All Rights Reserved.